MDQL
is popping MORE tags! Check the
thread
!
Quizzes
Events
Quiz Creation
Community
Videos
Private Events
Remove Ads
Sign In
Join for FREE
Feedback
Dark Mode
Quiz Categories
Sports
Geography
Music
Movies
Television
Just For Fun
Miscellaneous
History
Literature
Language
Science
Gaming
Entertainment
Religion
Holiday
For Kids
Quiz Lab
Recent
Popular Today
Quiz Kudos Today
Editor Picks
Curator Picks
Quizzes by...
Day
Popularity
Type
Ratings
Length
Year
Community
Subscriptions
Recent Discussions
Orange Saloon
Badges
Playlists
Quests
Create
Leaderboards
Showdown
Live 5
Trivia Bingo
Activity
Puzzle Library
Sporcle Events
Private Events
Virtual Trivia
Globe League
Become a Host
Pub Owners
SporcleCon
Opinionation
Our Games
Videos
Blog
Mobile Apps
Partnerships
Remove Ads and Go Orange
Feedback
Just For Fun
Clickable
Get the Picture
Humor
Quick Pick
Word Ladder
Missing Word
Mixed Word
Blitz
Minefield
This or That
Alphabet
Color
Typing
Sporcle
Puzzle
Word Play
Follow That Line
Logic
Just For Fun
Clickable
Get the Picture
Humor
Quick Pick
Word Ladder
Missing Word
Mixed Word
Blitz
Minefield
This or That
Alphabet
Color
Typing
Sporcle
Puzzle
Word Play
Follow That Line
Logic
Random Quiz
Search Sporcle
×
Quiz Lab
Quiz Lab
Just For Fun
Apply
Type in answers that appear in a list
Type in answers that appear in a list
Classic
Best Score? Go Orange.
Hotel Lingo Stats
Can you name the hotel term by the lingo (some apply to other fields as well)?
By
fireatwill
10m
31 Questions
156 Plays
156 Plays
156 Plays
Comments
Comments
Give Quiz Kudos
Give Quiz Kudos
-
- Ratings
hide this ad
More Info
Replay
Link that replays current quiz
Next Quiz
Link to next quiz in quiz playlist
You Got
0%
They Got
Avg Score
29%
Avg Friend Score
Upgrade to see
Score Distribution
Jump to the score distribution portion of the page
Score
0/31
Timer
10:00
0
Plays Today
Lingo
Meaning
% Correct
GM
general manager
73.1%
F & B
food and beverage
72.4%
FOM
front office manager
60.9%
Ops
operations
56.4%
POS
point of sale
49.4%
BEO
banquet event order
45.5%
RevPAR
revenue per available room
45.5%
SA
server assistant
44.9%
P & L
profit and loss
44.2%
AGM
assistant general manager
42.3%
FD
front desk
41.7%
DOS
director of sales
41%
AFOM
assistant front office manager
41%
FDM
front desk manager
39.1%
AV
audio visual
34.6%
PMS
property management system
30.1%
Lingo
Meaning
% Correct
SOP
standard operating procedure
27.6%
BT
business transient
14.7%
CSM
convention services manager
13.5%
IRD
in room dining
12.8%
EM
event manager
9.6%
CS
convention services
9%
STR
smith travel research
9%
LNR
local negotiated rate
9%
IBT
individual business travel
8.3%
PBX
private branch exchange
7.1%
LSOP
local standard operating procedure
6.4%
SMERF
social military educational religious fraternal
5.8%
SOE
schedule of events
3.8%
RB
reader board
2.6%
DC
door card
1.9%
Quiz Playlist
Details
Report
Send in Message
Add To Playlist
More Info:
Do you know the meaning of the lingo?
Classic:
Type in answers that appear in a list
Last Updated: Feb 16, 2017
Quiz Scoreboard
CHALLENGE
Sign Up to Join the Scoreboard
Show All
Scores
Hide
Comments
May contain spoilers
Recently Published
Two Season TV Shows II
by 123Four
Television
10m
Image Sorting: Flags VI
by Barbecue
Geography
2m
Find the 'City' Movie
by crazypaving
Movies
60s
More to Explore
Quiz From the Vault
Featured Blog Post
14 Easter Pick-up Lines to Find Eggs With
hide this ad
You Might Also Like...
Tags
Apply
field
hotel
Lingo
Term
Today's Top Quizzes in Just For Fun
Browse Just For Fun
hide this ad
Today's Top Quizzes in Apply
Browse Apply
Top Contributed Quizzes in Just For Fun
1
Name Just One - 10 to 1: Just For Fun
2
Missing Word: 2-Letter A-Z II
3
Avatar the Last Airbender: Logic Puzzle
4
Missing Letter Whitney Houston Songs
5
Missing Word: 'Of' Things A-Z
6
It's Magic / Witchcraft 🎩🪄🧙♀️
7
Survivor Winners Logic Puzzle
8
Eurovision 2024 Countries Logic Puzzle
9
Killer Double Trees 224 - Colour Match-Up
10
Click the Differences: Playground
Explore More
Trending Topics
Harry Potter
Crossword
Disney
Kpop
NBA
Marvel
Anime
The Office
Pokémon
NFL
Song
Country
Puzzle
Soccer
WWE
hide this ad
More By:
fireatwill
Quiz
Plays
Rating
Category
Featured
Created
Hotel Lingo
156
Just For Fun
Dec 25, 2009
Moammar El Huh?
31
2.00
Just For Fun
Feb 28, 2011
Go to Creator's Profile
Score Distribution
Quiz Creator Spotlight
fireatwill
Follow
Send a Message
Quizzes Created
-
Created Quiz Play Count
-
More By This Creator
Popular Quizzes Today
1
Find the US States - No Outlines Minefield
2
Colored Red Africa Blitz
3
Find the 'City' Movie
4
5x2 Blitz: Bands
5
The Countries of the World
6
Find the Countries of Europe - No Outlines Minefield
7
Find the US States
8
US States
More Just For Fun Quizzes
Quick Pick: Greek Gods and Goddesses
Published
Trending Quizzes
Colored Red Europe Blitz I
Colored Red Africa Blitz II
Colored Red Europe Blitz II
Colored Red Europe Blitz III
Colored Red Africa Blitz III
Recently Updated
How Do You Spell That?
pecheneg
Godzilla Movies
pecheneg
Grab Bag: 4-10 Letters
pecheneg
2024 March Madness Bracket
pecheneg
Famous TV Couples
Peacemaker
Champions League XIs: Real Madrid
pecheneg
Largest US Cities 1790-2010
pecheneg
Rides in Walt Disney World
pecheneg
Most Oscar Losses (Acting)
pecheneg
Beyoncé Albums
pecheneg
Trending Topics
Kpop
NBA
Marvel
Crossword
Anime
Disney
Harry Potter
Soccer
Country
Pokémon
The Office
Song
WWE
NFL
Puzzle
Your Account Isn't Verified!
In order to create a playlist on Sporcle, you need to verify the email address you used during registration. Go to your
Sporcle Settings
to finish the process.
Report this User
Report this user for behavior that violates our
Community Guidelines
.
Details:
Send Report
Go to the Sporcle.com Mobile Site →
Comments